|
|
|
|
| LEADER |
01245nam a2200337Ia 4500 |
| 001 |
EBC3400779 |
| 003 |
MiAaPQ |
| 005 |
20200520144314.0 |
| 006 |
m o d | |
| 007 |
cr cn||||||||| |
| 008 |
061210s2006 dk a sb 000 0 eng d |
| 020 |
|
|
|z 9788763001823 ($31.00)
|
| 020 |
|
|
|z 8763001829
|
| 035 |
|
|
|a (MiAaPQ)EBC3400779
|
| 035 |
|
|
|a (Au-PeEL)EBL3400779
|
| 035 |
|
|
|a (CaPaEBR)ebr10465536
|
| 035 |
|
|
|a (OCoLC)774280234
|
| 040 |
|
|
|a MiAaPQ
|c MiAaPQ
|d MiAaPQ
|
| 050 |
|
4 |
|a HD30.2
|b .L325 2006
|
| 100 |
1 |
|
|a Lachmann, Ole.
|
| 245 |
1 |
0 |
|a Manageable it projects
|h [electronic resource] :
|b the owners' choice /
|c Ole Lachmann.
|
| 250 |
|
|
|a 1st ed.
|
| 260 |
|
|
|a Gylling, Denmark ;
|a Herndon, VA :
|b Copenhagen Bus School Press,
|c 2006.
|
| 300 |
|
|
|a 141 p. :
|b ill.
|
| 504 |
|
|
|a Includes bibliographical references.
|
| 533 |
|
|
|a Electronic reproduction. Ann Arbor, MI : ProQuest, 2015. Available via World Wide Web. Access may be limited to ProQuest affiliated libraries.
|
| 650 |
|
0 |
|a Information technology projects
|x Management.
|
| 650 |
|
0 |
|a Project management.
|
| 655 |
|
4 |
|a Electronic books.
|
| 710 |
2 |
|
|a ProQuest (Firm)
|
| 856 |
4 |
0 |
|u https://ebookcentral.proquest.com/lib/matrademy/detail.action?docID=3400779
|z Click to View
|